Manuale di educazione sessuale per gay ed etero : io Tarzan, tu Jane /
I tiakina i:
| Kaituhi matua: | |
|---|---|
| Hōputu: | Pukapuka |
| Reo: | Itāriana |
| I whakaputaina: |
Milano :
Zelig,
°2003!
|
| Rangatū: | Futura ;
4 |
| Ngā marau: | |
| Ngā Tūtohu: |
Kāore He Tūtohu, Me noho koe te mea tuatahi ki te tūtohu i tēnei pūkete!
|
MARC
| LEADER | 00000nam a2200000 i 4500 | ||
|---|---|---|---|
| 001 | IT\ICCU\MOD\0840455 | ||
| 003 | ItRI | ||
| 005 | 20260222225430.0 | ||
| 008 | 031216s2003 it |||||| ||||| |||||c | ||
| 015 | |2 IT |a 2004-8730 | ||
| 020 | |a 8888809171 | ||
| 040 | |b ita |c C | ||
| 041 | 7 | |a ita |2 ISO-639-2 | |
| 082 | |a 613.951 |2 21 | ||
| 100 | 1 | |a Paterlini, Piergiorgio |0 IT\ICCU\CFIV\048288 |4 aut | |
| 245 | 1 | 0 | |a Manuale di educazione sessuale per gay ed etero : |b io Tarzan, tu Jane / |c Piergiorgio Paterlini. |
| 260 | |a Milano : |b Zelig, |c °2003! | ||
| 300 | |a 177 p. ; |c 21 cm. | ||
| 650 | 7 | |a Educazione sessuale | |
| 830 | 0 | |a Futura ; |v 4 |0 IT\ICCU\REA\0034914 | |
| 942 | |2 ddc |c BK | ||
| 952 | |0 0 |1 0 |2 ddc |4 0 |6 613_951000000000000_PAT_MAN |7 0 |9 38 |a GE |b GE |d 2015-02-08 |l 1 |m 1 |o 613.951 PAT MAN |p 1701 |r 2025-07-12 16:09:18 |s 2025-06-21 |w 2023-11-01 |y BK | ||
| 952 | |0 0 |1 0 |2 ddc |4 0 |6 187_613_951000000000000_PAT_MAN |7 1 |9 942 |a MO |b MO |d 2024-03-07 |l 0 |o [187] 613.951 PAT MAN |p 9117 |r 2024-03-07 16:43:43 |w 2024-03-07 |y BK | ||
| 952 | |0 0 |1 0 |2 ddc |4 0 |6 191_613_951000000000000_PAT_MAN |7 1 |9 944 |a MO |b MO |d 2024-03-07 |l 0 |o [191] 613.951 PAT MAN |p 9119 |r 2024-03-07 16:47:48 |w 2024-03-07 |y BK | ||
| 952 | |0 0 |1 0 |2 ddc |4 0 |6 192_613_951000000000000_PAT_MAN |7 1 |9 945 |a MO |b MO |d 2024-03-07 |l 0 |o [192] 613.951 PAT MAN |p 9120 |r 2024-03-07 16:47:57 |w 2024-03-07 |y BK | ||
| 952 | |0 0 |1 0 |2 ddc |4 0 |6 B_SSA03PATPIEDU12 |7 0 |9 4980 |a MI |b MI |d 2006-01-20 |i 5047 |l 0 |o B-SSA03-PATPI-EDU12 |p CDOM5047 |r 2025-07-07 11:14:37 |w 2025-07-07 |y BK | ||
| 952 | |0 0 |1 0 |2 ddc |4 0 |6 B_SSA03PATPIEDU11 |7 0 |9 4981 |a MI |b MI |d 2005-05-15 |i 4887 |l 0 |o B-SSA03-PATPI-EDU11 |p CDOM4887 |r 2025-07-07 11:14:37 |w 2025-07-07 |x DONO |y BK | ||
| 952 | |0 0 |1 0 |4 0 |6 DOC_613_907000000000000_PAT |7 0 |9 18249 |a BO |b BO |d 2026-01-15 |i 14846 |l 0 |o DOC 613.907 PAT |p BO14846 |r 2026-01-15 23:19:55 |w 2026-01-15 |x [Sebina 5] [1 v.] |y BK |z 1 v. (2. copia) | ||
| 952 | |0 0 |1 0 |4 0 |6 DOC_613_907000000000000_PAT |7 0 |9 18250 |a BO |b BO |d 2026-01-15 |i 8036 |l 0 |o DOC 613.907 PAT |p BO8036 |r 2026-01-15 23:19:55 |w 2026-01-15 |x [Sebina 5] [1 v.] |y BK |z 1 v. | ||
| 952 | |0 0 |1 0 |2 ddc |4 0 |6 26 |7 0 |9 28654 |a BS |b BS |d 2026-02-06 |i 768 |l 0 |o 2-6-* |r 2026-02-06 22:40:39 |w 2026-02-06 |x [REVISIONARE] |y BK | ||
| 999 | |c 690 |d 690 | ||